| 000 | nam a22 7a 4500 | ||
|---|---|---|---|
| 999 |
_c233675 _d233675 |
||
| 003 | Nust | ||
| 005 | 20170309165058.0 | ||
| 008 | 170309b xxu||||| |||| 00| 0 eng d | ||
| 040 | _cDLC | ||
| 082 | _a 910.285 DRU | ||
| 245 |
_aDynamic and Mobile GIS:Investigating Changes in Space and Time / _cDrummond,Jane |
||
| 260 |
_aLondon : _bCRC Press, |
||
| 300 | _a308p. : | ||
| 942 |
_2ddc _cBK |
||